Mädchenraub in Mexiko /

保存先:
書誌詳細
第一著者: Westlake, Donald Edwin (autor)
フォーマット: 図書
言語:German
出版事項: Berlín, Alemania : Ullstein, 1969, c1969
シリーズ:(Ullstein Buch ; 1272)
主題:
タグ: タグ追加
タグなし, このレコードへの初めてのタグを付けませんか!

MARC

LEADER 00000nam^a2200000^a^4500
001 000380979
005 20250521000000.0
009 20260310120629.825
037 |a Acervo ITESO - Biblioteca 
041 |a ALE 
082 |a 813.  |b WES 
100 |a Westlake, Donald Edwin  |e (autor) 
245 1 0 |a Mädchenraub in Mexiko /  |c D.E. Westlake ; tr. por Edith Massmann. 
264 4 |a Berlín, Alemania :  |b Ullstein,  |c 1969, c1969 
300 |a 159 p. 
336 |a texto  |b txt  |2 rdacontenido 
337 |a sin mediación  |b n  |2 rdamedio 
338 |a volumen  |b nc  |2 rdasoporte 
440 1 |a (Ullstein Buch ;  |v 1272) 
545 0 |a Donald Edwin Westlake (1933-2008) fue un escritor americano especializado en novelas de crimen, aunque escribió también en otros géneros. Se distinguió por sus argumentos simples, pero con un estilo vivo y llenos de trucos audaces; sus personajes bien cuidados, inteligentes y verosímiles con diálogos dinámicos. Utilizó casi una veintena de pseudónimos, entre los cuales se encuentran: Richard Stark, Alan Marshall y James Blue. El personaje principal de sus novelas era un ladrón profesional llamado Parker; algunas de ellas han sido adaptadas como películas cinematográficas y televisivas. Entre sus obras, que se cuentan por más de un centenar, se encuntran: Backstage Love (1959); The Mercenaries (1960; The Fugitive Pigeon (1965); The Damsel (1967); Comfort Station (1973); What I Tell You Three Times Is False (1987); The Road to Ruin (2004) y algunas publicaciones póstumas como Forever and a Death (2017). 
649 |a XX 
650 |a Novela Norteamericana 
650 |a México en la Literatura 
650 |a Literatura Norteamericana -  |y Siglo XX 
910 |a Fondo General 
920 |a Impresos - Libros 
930 |a Colección General 
940 |a Literatura 
905 |a 101 
901 |a 0500276007  |b IT1  |c LIT  |i D78355  |u 20250521 
902 |a https://opac.biblio.iteso.mx/vufind/Record/000380979